Societal security inclusion-exclusion dilemma

Salvato in:
Dettagli Bibliografici
Altri autori: Ozolina, Žaneta
Natura: Libro
Lingua:inglese
Pubblicazione: Riga ZINATNE 2016
Soggetti:
Tags: Aggiungi Tag
Nessun Tag, puoi essere il primo ad aggiungerne!!

MARC

LEADER 00000nam a2200000 4500
001 0228344
005 20221107101226.0
020 |a 978-9934-549-10-6 
041 0 |a eng 
044 |a LV 
245 1 0 |a Societal security  |b inclusion-exclusion dilemma  |c editor: Žaneta Ozolina 
264 1 |a Riga  |b ZINATNE  |c 2016 
300 |a 223 s. 
610 2 0 |a spoločnosť 
610 2 0 |a história 
610 2 0 |a vývoj 
610 2 0 |a situácia hospodárska 
610 2 0 |a situácia politická 
610 2 0 |a integrácia ekonomická medzinárodná 
610 2 0 |a menšiny národnostné 
610 2 0 |a problémy spoločenské 
610 2 0 |a postavenie spoločenské 
610 2 0 |a zabezpečenie sociálne 
610 2 0 |a vzdelávanie 
610 2 0 |a kultúra 
610 2 0 |a náboženstvo 
610 2 0 |a Lotyšsko 
610 2 0 |a Rusko 
700 1 |a Ozolina, Žaneta